| 000 | 00849 a2200289 4500 | ||
|---|---|---|---|
| 999 |
_c160624 _d4886 |
||
| 001 | 160624 | ||
| 003 | TR-AnTOB | ||
| 005 | 20220826155752.0 | ||
| 007 | ta | ||
| 008 | 161109s1996 tu 000 0 tur | ||
| 040 |
_aTR-AnTOB _beng _erda _cTR-AnTOB |
||
| 041 | 0 | _atur | |
| 050 | 4 |
_aHC493.A93 _bS65 |
|
| 090 |
_aHC493.A93 _bS65 |
||
| 245 | 0 | 0 | _aSöke'nin ticari ve ekonomik yapısı. |
| 264 | 1 |
_a[Place of publication not identified] : _bSöke Ticaret Odası, _c[date of publication not identified] |
|
| 300 |
_a37 pages : _btables ; _c23 cm |
||
| 336 |
_2rdacontent _atext _btxt |
||
| 337 |
_2rdamedia _aunmediated _bn |
||
| 338 |
_2rdacarrier _avolume _bnc |
||
| 653 | _aSöke (Aydın İli, Türkiye)--Ekonomik durum | ||
| 710 | 2 |
_aSöke Ticaret Odası _967385 |
|
| 942 |
_2lcc _cBK |
||
| 945 | _aHA | ||